000 00729nam a2200229Ia 4500
003 OSt
005 20240920145449.0
008 220927b |||||||| |||| 00| 0 eng d
020 _a0826478921
040 _aSDCL
_cSDCL
_beng
041 _2eng
_aeng
082 _aRxN P1
100 _aLopez, Jose & Potter, Garry Ed.
_9434637
245 0 _aAfter postmodernism:
_b An introduction to critical realism/
260 _aLondon
_bAthlone Press
_c2001
300 _avii,339p.
490 _aContinuum studies in critical Theory.
650 _aPhilosophy-Twentieth Century
_9434638
700 _a Potter Garry Ed.
_9434639
942 _hRxN P1
_cTEXL
_2CC
999 _c750942
_d750942